000 00773nam a22002777a 4500
003 CHAP
005 20220817041843.0
008 971013s1948 r 00010 d
010 _a26603
011 _a27575
035 _a31676
040 _cCHAP
082 _a636.5
_bE58
100 0 0 _aEisen, Henry.
_935821
245 _aPoultry and rabbit keeping
260 _aWorcester :
_bLittleburry,
_c1948
300 _a125 p.
_b: ilus.
590 _aBATCH-UPD
_b10
_c20130110
_lUCH01
_h0325
590 _aBATCH-UPD
_b10
_c20130110
_lUCH01
_h2030
590 _aCONVERSION
_b10
_c20130109
_lUCH01
_h1315
650 1 4 _aAvicultura.
650 1 4 _aCunicultura.
_930449
901 _aBK
942 _cLIBRO
949 _a636.5 E58
_bBC
_cLIBRO
_d33724000101846
_eLIBRO
_h24631
_i31676
_mD
_si
999 _c26603
_d26603